Literary Characters - C's - Statistics

General Stats
  • This quiz has been taken 44 times
  • The average score is 8 of 20
Answer Stats
Hint Answer % Correct
Fairy-tale girl with cruel stepsisters and glass slippers Cinderella
97%
Golden Ticket finder in Willy Wonka's factory Charlie Bucket
89%
Winnie-the-Pooh's human friend Christopher Robin
86%
Smiling trickster feline from Wonderland Cheshire Cat
81%
Dalmatian-hunting villainess of Dodie Smith’s novel Cruella de Vil
81%
Narnian prince who sails the Dawn Treader Caspian
69%
Hogwarts champion killed by Voldemort Cedric Diggory
61%
Girl tempted by button-eyed “Other Mother” Coraline Jones
39%
Doomed lover of Heathcliff Catherine Earnshaw
36%
Nymph who detained Odysseus on her island Calypso
33%
Stylist for Katniss Everdeen Cinna
28%
Gothic-obsessed heroine of Northanger Abbey Catherine Morland
25%
Brutal District 2 tribute and Katniss's fiercest competitor Cato
19%
Gryffindor know-it-all who tried out for Keeper Cormac McLaggen
19%
Red-haired heroine who discovers she’s a Shadowhunter Clary Fray
14%
Winged Illyrian general of the Night Court Cassian
8%
Elven lord of Lothlorien Celeborn
8%
Assassin turned queen in Throne of Glass Celaena Sardothein
6%
Captain of the Guard in Throne of Glass Chaol Westfall
6%
20th-century nurse swept back to 18th-century Scotland Claire Fraser
6%
No matching quizzes found
Score Distribution
Percent of People with Each Score
Percentile by Number Answered
Your Score History
You have not taken this quiz